La herencia /

La bandera de Corea del Sur presenta en su diseño los símbolos del cielo, el agua, el fuego y la tierra; la luz (yang) y la oscuridad (ying). Las historias de Eun Heekyung parecen conectarse con el último de los elementos: jóvenes atrapados en la pobreza y la exclusión, esposas fugitivas, relaciones...

Full description

Saved in:
Main Author: Ŭn, Hŭi-gyŏng, 1959-
Other Authors: Jin, Jinjoo (Translator, tr.), Parodi, Sebastián (Translator, tr.)
Format: Book
Language:Spanish
Korean
Published: [Ciudad Autónoma de Buenos Aires] : Hwarang, 2023.
Edition:[1a ed.].
Subjects:
LEADER 01978nam a2200373 a 4500
003 AR-BeUNQ
005 20250922165847.0
007 ta
008 250922s2023 ag gr 001 jdspa
999 |c 39507  |d 123307 
015 |a AR-2023 
020 |a 9789874882127 
040 |a AR-BaBN  |b spa  |c AR-BaBN  |e aacr  |d AR-BeUNQ 
041 1 |a spa  |h kor 
044 |a ag  |c ar-c 
080 1 |a 821.531(519.5)-32  |2 2016 
082 0 4 |a 895.7  |2 21 
100 1 |a Ŭn, Hŭi-gyŏng,  |d 1959-  |9 5569 
240 1 0 |a Sangsok.  |l Español 
245 1 3 |a La herencia /  |c Eun Heekyung ; traducción: Jinjoo Jin y Sebastián Parodi. 
250 |a [1a ed.]. 
260 |a [Ciudad Autónoma de Buenos Aires] :  |b Hwarang,  |c 2023. 
300 |a 342 p. ;  |c 20 cm. 
500 |a Título original en coreano: 상속. 
505 0 |a En mi pueblo natal ha dejado de nevar -- ¿Quién ha tenido una trampa en un pinar, un florido día de primavera? -- La herencia --- La ladrona de fresas -- La casa que ha habitado -- El Cirque du Soleil -- Las cajas de mi mujer. 
520 2 |a La bandera de Corea del Sur presenta en su diseño los símbolos del cielo, el agua, el fuego y la tierra; la luz (yang) y la oscuridad (ying). Las historias de Eun Heekyung parecen conectarse con el último de los elementos: jóvenes atrapados en la pobreza y la exclusión, esposas fugitivas, relaciones marcadas por la competencia y el deseo de sobrevivir. Con una prosa cruda y filosa, estos cuentos muestran con su realismo una imagen diferente de la península coreana, iluminan aquellos recovecos donde la esperanza y el futuro no tienen lugar.  |c (Descripción del editor). 
650 7 |a Literatura (Arte)  |2 spines 
651 7 |a Corea  |2 unescot 
655 4 |a Cuentos  |2 ttll 
700 1 |a Jin, Jinjoo  |e tr.  |4 trl  |9 5570 
700 1 |a Parodi, Sebastián  |e tr.  |4 trl  |9 5571 
751 |a Buenos Aires  |e lugar de publicación  |4 pup 
929 |a COMPRA  |b Brignardello Hernán  |c Expte. 827-0845/2023  |d 7000  |e 20231016  |f PAT0084314  |h 1  |j 63350 
942 |c LIB  |n 0